Pashupalan evam dugdh vigyan (krishi varg) : kaksha XII (HIN) (Record no. 137880)

MARC details
000 -LEADER
fixed length control field 00446nam a2200145Ia 4500
005 - DATE AND TIME OF LATEST TRANSACTION
control field 20240821155913.0
008 - FIXED-LENGTH DATA ELEMENTS--GENERAL INFORMATION
fixed length control field 240821s9999||||xx |||||||||||||| ||und||
082 ## - DEWEY DECIMAL CLASSIFICATION NUMBER
Classification number 636 RAJ(TB)
100 ## - MAIN ENTRY--PERSONAL NAME
Personal name Rajasthan, Madhyamik Shiksha Board
245 #0 - TITLE STATEMENT
Title Pashupalan evam dugdh vigyan (krishi varg) : kaksha XII (HIN)
260 ## - PUBLICATION, DISTRIBUTION, ETC.
Place of publication, distribution, etc. Ajmer
Name of publisher, distributor, etc. Madhyamik Shiksha Board
Date of publication, distribution, etc. 2005
300 ## - PHYSICAL DESCRIPTION
Extent 219p.
650 ## - SUBJECT ADDED ENTRY--TOPICAL TERM
Topical term or geographic name entry element Animal Husbandry - Textbook - Rajasthan
942 ## - ADDED ENTRY ELEMENTS (KOHA)
Koha item type Book
Holdings
Withdrawn status Lost status Damaged status Not for loan Home library Current library Date acquired Total checkouts Barcode Date last seen Price effective from Koha item type
        Library and Documentation Division NCERT Library and Documentation Division NCERT 08/21/2024   125893 08/21/2024 08/21/2024 Book